مالک محمد جایسی: (Record no. 172590)

MARC details
000 -LEADER
fixed length control field 00664nam a22001937a 4500
005 - DATE AND TIME OF LATEST TRANSACTION
control field 20200207142434.0
010 ## - LCCN (DPL NO)
LC control number A-392481
020 ## - INTERNATIONAL STANDARD BOOK NUMBER
Terms of availability 30.00
035 ## - SYSTEM CONTROL NUMBER
System control number A-392481
037 ## - SOURCE OF ACQUISITION
Source of stock number/acquisition BPPD/Pub.
082 ## - DEWEY DECIMAL CLASSIFICATION NUMBER
Classification number 921
100 ## - MAIN ENTRY--PERSONAL NAME
Personal name بلجیت سنگھ مطیر
245 ## - TITLE STATEMENT
Title مالک محمد جایسی:
Remainder of title حیات اور ادبی کارنامے /
Statement of responsibility, etc بلجیت سنگھ مطیر
246 ## - VARYING FORM OF TITLE
Title proper/short title Malik Mohammad Jaisi: Hyat Aur Adabi Karnamey /
Remainder of title by Baljit Singh Mateer
260 ## - PUBLICATION, DISTRIBUTION, ETC. (IMPRINT)
Place of publication, distribution, etc Haryana
Name of publisher, distributor, etc Kaya Publications
Date of publication, distribution, etc 1989 ء
270 ## - ADDRESS
Address 1/277, Patel Park, Bahadurgarh
City Haryana
Postal code 124507
300 ## - PHYSICAL DESCRIPTION
Extent 104p.
Dimensions 22cm(Hb)
942 ## - ADDED ENTRY ELEMENTS (KOHA)
Source of classification or shelving scheme Dewey Decimal Classification
Item type Urdu Bks
Classification part 921
Call number suffix م ل ک
Holdings
Withdrawn status Lost status Not for loan Collection code Home library Current library Date acquired Source of acquisition Cost, normal purchase price Full call number Barcode Copy number Cost, replacement price Koha item type
      Non-fiction Central Library Central Library 07/02/2020 BPPD/Ven. 30.00 921 م ل ک A-392481 1 30.00 Urdu Bks

© Delhi Public Library
Hit Counter
free hit counter